[Event "ENG Counties-chT final"]
[Site "Warwick"]
[Date "2018.07.07"]
[Round "1.8"]
[White "Gayson, Peter"]
[Black "Hughes, Howard R"]
[Result "1-0"]
[WhiteElo "2131"]
[BlackElo "2204"]
[PlyCount "63"]
[EventDate "2018.07.07"]
[EventType "team-match"]
[EventRounds "1"]
[EventCountry "ENG"]
[SourceTitle "EXT 2019"]
[Source "ChessBase"]
[SourceDate "2018.10.10"]
[SourceVersion "1"]
[SourceVersionDate "2018.10.10"]
[SourceQuality "1"]
[WhiteTeam "Yorkshire"]
[BlackTeam "Lancashire"]
[WhiteTeamCountry "ENG"]
[BlackTeamCountry "ENG"]

1. e4 d5 2. exd5 Qxd5 3. Nc3 Qa5 4. d4 Nf6 5. Nf3 c6 6. Be2 Bf5 7. 0-0 e6 8. Bd2 Qc7 9. Re1 Nbd7 10. h3 Be7 11. Bf1 0-0-0 12. b4 Kb8 13. b5 Nd5 14. bxc6 Nxc3 15. Bxc3 Qxc6 16. Qd2 Bf6 17. Bb4 g5 18. Bd3 Nb6 19. Bxf5 exf5 20. Be7 Bxe7 21. Rxe7 f6 22. Rae1 Rd6 23. Qd3 g4 24. hxg4 fxg4 25. Nh4 h5 26. Nf5 Rdd8 27. R1e6 Qd5 28. Rxf6 Rhf8 29. Ne3 Qxa2 30. Qe4 Qb1+ 31. Kh2 Nc8 32. Qf4+ 1-0

[Event "BCF-chT3 0607 (4NCL)"]
[Site "Sunningdale"]
[Date "2007.01.13"]
[Round "5.5"]
[White "Hughes, Howard R"]
[Black "Smith, Graham M"]
[Result "0-1"]
[WhiteElo "2208"]
[BlackElo "2133"]
[PlyCount "82"]
[EventDate "2006.09.16"]
[EventType "team"]
[EventRounds "11"]
[EventCountry "ENG"]
[SourceTitle "EXT 2008"]
[Source "ChessBase"]
[SourceDate "2007.11.25"]
[SourceVersion "1"]
[SourceVersionDate "2007.11.25"]
[SourceQuality "1"]
[WhiteTeam "NW Eagles II"]
[BlackTeam "FCA Solutions"]
[WhiteTeamCountry "ENG"]
[BlackTeamCountry "ENG"]

1. e4 Nc6 2. Nc3 e5 3. f4 exf4 4. Nf3 g5 5. h4 g4 6. Ng5 h6 7. Nxf7 Kxf7 8. Qxg4 Nf6 9. Qxf4 Bd6 10. Qf2 Be5 11. Bc4+ Ke7 12. Nd5+ Nxd5 13. exd5 Nd4 14. 0-0 Rf8 15. Qe3 Rxf1+ 16. Bxf1 Qh8 17. c3 Nc2 18. Qe4 Nxa1 19. d4 d6 20. dxe5 dxe5 21. Be3 Bd7 22. Bc5+ Kd8 23. Be2 c6 24. Bd6 Qf6 25. Bxe5 Qf5 26. Qd4 Nc2 27. Qf4 Qxf4 28. Bxf4 cxd5 29. Bd3 Na1 30. Bxh6 Ke7 31. Bg5+ Kf7 32. Kf2 Bg4 33. Ke3 Re8+ 34. Kd4 Ke6 35. Bg6 Rg8 36. Bh7 Rf8 37. Ke3 Bf5 38. Bxf5+ Rxf5 39. g4 Nc2+ 40. Kd3 Ne1+ 41. Ke2 Re5+ 0-1

[Event "BCF-chT2 0506 (4NCL)"]
[Site "Birmingham"]
[Date "2006.03.05"]
[Round "8.3"]
[White "Hughes, Howard R"]
[Black "Tan, Desmond"]
[Result "1/2-1/2"]
[WhiteElo "2214"]
[BlackElo "2323"]
[PlyCount "28"]
[EventDate "2005.10.22"]
[EventType "team"]
[EventRounds "11"]
[EventCountry "ENG"]
[SourceTitle "EXT 2007"]
[Source "ChessBase"]
[SourceDate "2006.11.23"]
[SourceVersion "1"]
[SourceVersionDate "2006.11.23"]
[SourceQuality "1"]
[WhiteTeam "Micro Mark NWE II"]
[BlackTeam "Wood Green III"]
[WhiteTeamCountry "ENG"]
[BlackTeamCountry "ENG"]

1. e4 c5 2. d4 cxd4 3. c3 d3 4. c4 Nc6 5. Nf3 g6 6. Bxd3 Bg7 7. 0-0 d6 8. h3 Nf6 9. Nc3 0-0 10. Be3 Nd7 11. Qe2 Nde5 12. Rac1 Nxf3+ 13. Qxf3 Be6 14. Qe2 Rc8 1/2-1/2

[Event "Monarch Assurance 14th"]
[Site "Port Erin"]
[Date "2005.10.02"]
[Round "9"]
[White "Hughes, Howard R"]
[Black "Bobras, Piotr"]
[Result "1-0"]
[WhiteElo "2194"]
[BlackElo "2525"]
[PlyCount "63"]
[EventDate "2005.09.24"]
[EventType "swiss"]
[EventRounds "9"]
[EventCountry "IOM"]
[SourceTitle "CBM 108 Extra"]
[Source "ChessBase"]
[SourceDate "2005.11.04"]
[SourceVersion "1"]
[SourceVersionDate "2005.11.04"]
[SourceQuality "1"]

1. e4 c5 2. d4 cxd4 3. c3 Nf6 4. e5 Nd5 5. Nf3 Nc6 6. Bc4 Nb6 7. Bb3 d5 8. exd6 Qxd6 9. 0-0 Be6 10. Na3 dxc3 11. Nb5 Qxd1 12. Rxd1 Rc8 13. Bxe6 fxe6 14. bxc3 g6 15. Ng5 a6 16. Nd4 Nxd4 17. cxd4 Rc6 18. Bb2 Nd5 19. Re1 Bg7 20. Nxe6 Bf6 21. Rac1 Rxc1 22. Bxc1 b6 23. g4 Kd7 24. g5 Re8 25. Nf4 Nxf4 26. Bxf4 Bg7 27. d5 Rf8 28. Be5 Bxe5 29. Rxe5 Rf5 30. Rxf5 gxf5 31. h4 Ke8 32. f4 1-0

[Event "Monarch Assurance 14th"]
[Site "Port Erin"]
[Date "2005.09.26"]
[Round "3"]
[White "Roeder, Mathias"]
[Black "Hughes, Howard R"]
[Result "1/2-1/2"]
[WhiteElo "2393"]
[BlackElo "2194"]
[PlyCount "80"]
[EventDate "2005.09.24"]
[EventType "swiss"]
[EventRounds "9"]
[EventCountry "IOM"]
[SourceTitle "CBM 108 Extra"]
[Source "ChessBase"]
[SourceDate "2005.11.04"]
[SourceVersion "1"]
[SourceVersionDate "2005.11.04"]
[SourceQuality "1"]

1. Nf3 f5 2. g3 Nf6 3. c4 d6 4. d4 e6 5. Nc3 Be7 6. Bg2 0-0 7. 0-0 Qe8 8. b3 Nbd7 9. Ba3 e5 10. Nb5 Bd8 11. dxe5 Nxe5 12. Nc3 f4 13. c5 fxg3 14. hxg3 Qh5 15. cxd6 Nfg4 16. Re1 c6 17. d7 Bb6 18. Ne4 Bxd7 19. Bxf8 Rxf8 20. b4 Be6 21. Nc5 Bxc5 22. bxc5 Nxf3+ 23. exf3 Qh2+ 24. Kf1 Bc4+ 25. Re2 Re8 26. Qb3 Bxb3 27. Rxe8+ Kf7 28. axb3 Kxe8 29. fxg4 Qh6 30. Bf3 a6 31. Re1+ Kd8 32. Kg2 Qg5 33. b4 a5 34. bxa5 Qxc5 35. Ra1 Kc7 36. a6 Qc3 37. Ra4 Qc2 38. Ra5 Qc3 39. Ra4 Qc2 40. Ra5 Qc3 1/2-1/2

[Event "Monarch Assurance 14th"]
[Site "Port Erin"]
[Date "2005.09.25"]
[Round "2"]
[White "Hughes, Howard R"]
[Black "Wells, Peter K"]
[Result "0-1"]
[WhiteElo "2194"]
[BlackElo "2529"]
[PlyCount "46"]
[EventDate "2005.09.24"]
[EventType "swiss"]
[EventRounds "9"]
[EventCountry "IOM"]
[SourceTitle "CBM 108 Extra"]
[Source "ChessBase"]
[SourceDate "2005.11.04"]
[SourceVersion "1"]
[SourceVersionDate "2005.11.04"]
[SourceQuality "1"]

1. e4 c5 2. d4 cxd4 3. c3 dxc3 4. Nxc3 Nc6 5. Nf3 d6 6. Bc4 a6 7. 0-0 Nf6 8. b4 Bg4 9. b5 Bxf3 10. gxf3 axb5 11. Bxb5 g6 12. Nd5 Bg7 13. Bb2 0-0 14. Nxf6+ Bxf6 15. Bxf6 exf6 16. Qd5 Ne5 17. f4 Nf3+ 18. Kh1 Qc8 19. f5 Qc5 20. Bc4 Ra5 21. Rac1 Qb4 22. Rb1 Qd2 23. Qd3 Qf4 0-1

[Event "BCF-chT 0405 (4NCL)"]
[Site "West Bromwich"]
[Date "2005.05.02"]
[Round "11.7"]
[White "Allicock, Rawle Anthony"]
[Black "Hughes, Howard R"]
[Result "1-0"]
[WhiteElo "2292"]
[BlackElo "2216"]
[PlyCount "55"]
[EventDate "2004.09.18"]
[EventType "team"]
[EventRounds "11"]
[EventCountry "ENG"]
[SourceTitle "EXT 2006"]
[Source "ChessBase"]
[SourceDate "2005.11.24"]
[SourceVersion "1"]
[SourceVersionDate "2005.11.24"]
[SourceQuality "1"]
[WhiteTeam "Warwicks Select"]
[BlackTeam "Micro Mark NWE"]
[WhiteTeamCountry "ENG"]
[BlackTeamCountry "ENG"]

1. d4 e6 2. e4 d5 3. Nc3 Bb4 4. e5 c5 5. a3 Bxc3+ 6. bxc3 Qc7 7. Qg4 f6 8. Nf3 c4 9. h4 h5 10. Qf4 Nh6 11. Be2 Nc6 12. a4 Ng4 13. Qg3 Bd7 14. Ba3 fxe5 15. dxe5 Ncxe5 16. Nd4 0-0-0 17. Nb5 Bxb5 18. axb5 Ng6 19. Bxg4 hxg4 20. Qxg4 Qe5+ 21. Kf1 Qxc3 22. Qxe6+ Kc7 23. b6+ axb6 24. Rb1 b5 25. Rh3 Qxc2 26. Qe1 Nf4 27. Rxb5 Nxh3 28. Qe5+ 1-0

[Event "BCF-chT 0304 (4NCL)"]
[Site "West Bromwich"]
[Date "2004.05.22"]
[Round "10.6"]
[White "Ashton, Adam"]
[Black "Hughes, Howard R"]
[Result "1-0"]
[WhiteElo "2249"]
[BlackElo "2212"]
[PlyCount "51"]
[EventDate "2003.10.18"]
[EventType "team"]
[EventRounds "11"]
[EventCountry "ENG"]
[SourceTitle "EXT 2005"]
[Source "ChessBase"]
[SourceDate "2004.11.15"]
[SourceVersion "1"]
[SourceVersionDate "2004.11.15"]
[SourceQuality "1"]
[WhiteTeam "Numerica 3CS"]
[BlackTeam "Micro Mark NWE"]
[WhiteTeamCountry "ENG"]
[BlackTeamCountry "ENG"]

1. e4 d5 2. exd5 Qxd5 3. Nf3 Bg4 4. Be2 Nc6 5. d4 0-0-0 6. Be3 e5 7. c4 Bb4+ 8. Nc3 Qa5 9. d5 e4 10. Nd2 Bxe2 11. Qxe2 Bxc3 12. dxc6 Bd4 13. b4 Qe5 14. cxb7+ Kb8 15. Rd1 Bxe3 16. fxe3 Nf6 17. 0-0 h5 18. h3 Qb2 19. Qe1 Qxb4 20. Rf2 Rd3 21. Rb1 Qc5 22. Nb3 Qxc4 23. Rc1 Qd5 24. Nc5 c6 25. Rb2 Ra3 26. Qg3+ 1-0

[Event "BCF-chT2 0304 (4NCL)"]
[Site "West Bromwich"]
[Date "2004.05.03"]
[Round "9.6"]
[White "Hughes, Howard R"]
[Black "Trevelyan, John"]
[Result "1-0"]
[WhiteElo "2212"]
[BlackElo "2145"]
[PlyCount "107"]
[EventDate "2003.11.17"]
[EventType "team"]
[EventRounds "11"]
[EventCountry "ENG"]
[SourceTitle "EXT 2005"]
[Source "ChessBase"]
[SourceDate "2004.11.15"]
[SourceVersion "1"]
[SourceVersionDate "2004.11.15"]
[SourceQuality "1"]
[WhiteTeam "Micro Mark NWE II"]
[BlackTeam "SW Dragons"]
[WhiteTeamCountry "ENG"]
[BlackTeamCountry "ENG"]

1. e4 d6 2. f4 Nf6 3. d3 e5 4. Nf3 Nbd7 5. Be2 c6 6. 0-0 Qc7 7. a4 d5 8. fxe5 Nxe5 9. Nxe5 Qxe5 10. exd5 Bd6 11. g3 Bc5+ 12. Kg2 Nxd5 13. Nc3 Ne3+ 14. Bxe3 Bxe3 15. Bh5 0-0 16. Bxf7+ Kh8 17. Qh5 Qxh5 18. Bxh5 Bd7 19. Ne4 g6 20. Bf3 b6 21. Rae1 Bd4 22. c3 Bg7 23. d4 Rad8 24. Nd6 Bh3+ 25. Kxh3 Rxd6 26. Re7 Rdf6 27. Kg2 R6f7 28. Rxf7 Rxf7 29. Bxc6 Rxf1 30. Kxf1 Bh6 31. Ke2 Kg7 32. Kd3 Kf6 33. Kc4 Bc1 34. b4 Ke7 35. Kd3 Kd6 36. Be4 Ba3 37. Kc2 Kc7 38. h3 Kd7 39. g4 Kc7 40. Kb3 Bc1 41. c4 Bd2 42. c5 a5 43. b5 Be3 44. Kc4 Bf2 45. Kd5 Be3 46. cxb6+ Kxb6 47. Ke5 Kc7 48. d5 Bc5 49. Ke6 Kd8 50. d6 Bf2 51. d7 Bg3 52. Bc6 Bf2 53. Kf7 Bd4 54. g5 1-0

[Event "BCF-chT2 0304 (4NCL)"]
[Site "West Bromwich"]
[Date "2004.01.17"]
[Round "3.4"]
[White "Hughes, Howard R"]
[Black "Richardson, Keith Bevin"]
[Result "0-1"]
[WhiteElo "2212"]
[BlackElo "2219"]
[PlyCount "68"]
[EventDate "2003.11.17"]
[EventType "team"]
[EventRounds "11"]
[EventCountry "ENG"]
[SourceTitle "EXT 2005"]
[Source "ChessBase"]
[SourceDate "2004.11.15"]
[SourceVersion "1"]
[SourceVersionDate "2004.11.15"]
[SourceQuality "1"]
[WhiteTeam "Micro Mark NWE II"]
[BlackTeam "Guildford II"]
[WhiteTeamCountry "ENG"]
[BlackTeamCountry "ENG"]

1. e4 g6 2. d4 Bg7 3. Nc3 d6 4. Bc4 Nc6 5. Nf3 Nf6 6. 0-0 0-0 7. Be3 Ng4 8. Bf4 Nxd4 9. Nxd4 e5 10. Be3 Nxe3 11. fxe3 exd4 12. exd4 Be6 13. Qd3 Bxc4 14. Qxc4 c6 15. Kh1 Qb6 16. Rad1 Rad8 17. b3 Qa5 18. Rf3 d5 19. exd5 cxd5 20. Qc5 Qxc5 21. dxc5 d4 22. Ne2 Rfe8 23. Nc1 Rc8 24. b4 b6 25. cxb6 axb6 26. Rf2 Rc4 27. Nd3 Rec8 28. Kg1 Rxc2 29. Rdd2 Rxd2 30. Rxd2 Bh6 31. Rb2 Rc3 32. Ne5 d3 33. Nxd3 Rxd3 34. Kf1 Rd2 0-1

[Event "BCF-chT3 0203 (4NCL)"]
[Site "West Bromwich"]
[Date "2003.05.26"]
[Round "11.6"]
[White "Adams, Philip"]
[Black "Hughes, Howard R"]
[Result "1/2-1/2"]
[WhiteElo "2056"]
[BlackElo "2072"]
[PlyCount "29"]
[EventDate "2002.11.??"]
[EventType "team"]
[EventRounds "11"]
[EventCountry "ENG"]
[SourceTitle "EXT 2004"]
[Source "ChessBase"]
[SourceDate "2003.11.25"]
[SourceVersion "1"]
[SourceVersionDate "2003.11.25"]
[SourceQuality "1"]
[WhiteTeam "Numerica 3CS II"]
[BlackTeam "NW Eagles II"]
[WhiteTeamCountry "ENG"]
[BlackTeamCountry "ENG"]

1. e4 d5 2. exd5 Qxd5 3. Nf3 Nc6 4. Nc3 Qa5 5. Bb5 Bd7 6. 0-0 0-0-0 7. d3 a6 8. Bc4 Bg4 9. h3 Bxf3 10. Qxf3 Ne5 11. Qf4 Nxc4 12. Qxc4 e6 13. Bf4 Nf6 14. Rab1 Qc5 15. Qxc5 1/2-1/2

[Event "BCF-chT3 0203 (4NCL)"]
[Site "West Bromwich"]
[Date "2003.05.24"]
[Round "9.6"]
[White "Hughes, Howard R"]
[Black "Marsh, Roger DW"]
[Result "1-0"]
[WhiteElo "2072"]
[BlackElo "2074"]
[PlyCount "81"]
[EventDate "2002.11.??"]
[EventType "team"]
[EventRounds "11"]
[EventCountry "ENG"]
[SourceTitle "EXT 2004"]
[Source "ChessBase"]
[SourceDate "2003.11.25"]
[SourceVersion "1"]
[SourceVersionDate "2003.11.25"]
[SourceQuality "1"]
[WhiteTeam "NW Eagles II"]
[BlackTeam "Wessex II"]
[WhiteTeamCountry "ENG"]
[BlackTeamCountry "ENG"]

1. e4 g6 2. d4 Bg7 3. Nc3 c6 4. Bc4 d6 5. Nf3 b5 6. Bb3 Nf6 7. e5 dxe5 8. dxe5 Qxd1+ 9. Nxd1 Ne4 10. 0-0 Nc5 11. Be3 Nxb3 12. axb3 a6 13. Bd4 Bg4 14. e6 Bxf3 15. Bxg7 Rg8 16. Be5 Bd5 17. Bxb8 Rxb8 18. exf7+ Kxf7 19. Rxa6 Ra8 20. Rxa8 Rxa8 21. Nc3 Ke6 22. Rd1 b4 23. Na4 Ra5 24. f3 Rb5 25. Kf2 Kf5 26. Ke3 h5 27. g3 e5 28. Rd2 g5 29. Rf2 Be6 30. Rd2 Bd5 31. h3 g4 32. fxg4+ hxg4 33. Rf2+ Kg5 34. h4+ Kg6 35. Rf8 Be6 36. Ra8 e4 37. Ra6 Rf5 38. Rxc6 Rf3+ 39. Kxe4 Kf7 40. h5 Rxg3 41. Nc5 1-0

[Event "BCF-chT3 0203 (4NCL)"]
[Site "West Bromwich"]
[Date "2003.04.13"]
[Round "8.3"]
[White "Shepley, Julien M"]
[Black "Hughes, Howard R"]
[Result "0-1"]
[WhiteElo "2131"]
[BlackElo "2072"]
[PlyCount "100"]
[EventDate "2002.11.??"]
[EventType "team"]
[EventRounds "11"]
[EventCountry "ENG"]
[SourceTitle "EXT 2004"]
[Source "ChessBase"]
[SourceDate "2003.11.25"]
[SourceVersion "1"]
[SourceVersionDate "2003.11.25"]
[SourceQuality "1"]
[WhiteTeam "Guildford III"]
[BlackTeam "NW Eagles II"]
[WhiteTeamCountry "ENG"]
[BlackTeamCountry "ENG"]

1. d4 e6 2. Nf3 f5 3. g3 Nf6 4. Bg2 Be7 5. 0-0 0-0 6. c4 d6 7. b3 Qe8 8. Qc2 Nc6 9. Bb2 Bd8 10. Nbd2 e5 11. dxe5 dxe5 12. e4 f4 13. Qc3 fxg3 14. fxg3 Be7 15. c5 b6 16. b4 Nxb4 17. cxb6 cxb6 18. Qb3+ Kh8 19. Nxe5 Be6 20. Qd1 Nxa2 21. Ndc4 Nb4 22. Nd6 Qd8 23. Nf5 Qxd1 24. Raxd1 Bc5+ 25. Kh1 Nc2 26. Rd2 Ne3 27. Nxe3 Bxe3 28. Rd3 Bc5 29. Rfd1 Ng4 30. Nxg4 Bxg4 31. R1d2 Rac8 32. h3 Be6 33. e5 a5 34. Ba3 b5 35. Bxc5 Rxc5 36. Bd5 Bf5 37. Rf3 g6 38. g4 Rxd5 39. Rxf5 Rxd2 40. Rxf8+ Kg7 41. Rb8 b4 42. g5 Kf7 43. Rb5 a4 44. Rxb4 a3 45. Rb7+ Ke6 46. Rxh7 a2 47. Ra7 Rd1+ 48. Kg2 a1Q 49. Rxa1 Rxa1 50. Kg3 Ra3+ 0-1